A Nematode pest of roots of cover plants (Record no. 53408)

MARC details
000 -LEADER
fixed length control field 00363nam a2200133Ia 4500
100 ## - MAIN ENTRY--AUTHOR NAME
Personal name Beeley F
245 #2 - TITLE STATEMENT
Title A Nematode pest of roots of cover plants
260 ## - PUBLICATION, DISTRIBUTION, ETC. (IMPRINT)
Name of publisher Journal of the Rubber Research Institute of Malaya
Year of publication 1939
300 ## - PHYSICAL DESCRIPTION
Number of Pages 51-58
650 ## - SUBJECT ADDED ENTRY--TOPICAL TERM
Topical Term Cover plants
650 ## - SUBJECT ADDED ENTRY--TOPICAL TERM
Topical Term Nematode pest
942 ## - ADDED ENTRY ELEMENTS (KOHA)
Koha item type Journals
Holdings
Withdrawn status Lost status Damaged status Not for loan Home library Current library Shelving location Date acquired Serial Enumeration / chronology Koha item type
      Journals RRII Library RRII Library Pathology 17/12/2021 Volume 9, Issue 1 Journals